Central Library OPAC University of Rajshahi

গণযোগাযোগ তত্ত্ব ও প্রয়োগ / (Record no. 39737)

MARC details
000 -LEADER
fixed length control field 01104nam a2200253 a 4500
001 - CONTROL NUMBER
control field 39737
003 - CONTROL NUMBER IDENTIFIER
rucl marc code BD-RjUL
005 - DATE AND TIME OF LATEST TRANSACTION
control field 20211209053041.0
008 - FIXED-LENGTH DATA ELEMENTS--GENERAL INFORMATION
fixed length control field 160417r20152014bg |||| |||| 00| 0 ben d
020 ## - INTERNATIONAL STANDARD BOOK NUMBER
International Standard Book Number 9789847320052
Terms of availability : TK. 200.00
035 ## - SYSTEM CONTROL NUMBER
System control number (BD-RjUL)39850
040 ## - CATALOGING SOURCE
Original cataloging agency BD-RjUL
Language of cataloging ben
Transcribing agency BD-RjUL
041 ## - LANGUAGE CODE
Language code of text/sound track or separate title ben
082 ## - DEWEY DECIMAL CLASSIFICATION NUMBER
Edition number 23
Classification number 302.23
Author mark and year HAG 2015
100 ## - MAIN ENTRY--PERSONAL NAME
Personal name হায়দার, শাওন্তী
9 (RLIN) 122995
245 10 - TITLE STATEMENT
Title গণযোগাযোগ তত্ত্ব ও প্রয়োগ /
Statement of responsibility, etc. শাওন্তী হায়দার, সাইফুল সামিন
260 ## - PUBLICATION, DISTRIBUTION, ETC. (IMPRINT)
Place of publication, distribution, etc. ঢাকা :
Name of publisher, distributor, etc. বাংলাদেশ প্রেস ইনস্টিটিউট,
Date of publication, distribution, etc. ২০১৪ [ মুদ্রণ ২০১৫ ]
300 ## - PHYSICAL DESCRIPTION
Pagination ৩২৮ পৃ. ;
Size ২২ সেমি.
504 ## - BIBLIOGRAPHY, ETC. NOTE
Bibliography, etc তথ্য সূত্র সংযুক্ত
650 ## - SUBJECT ADDED ENTRY--TOPICAL TERM
Topical term or geographic name as entry element গণমাধ্যম
General subdivision সামাজিক প্রেক্ষাপট
9 (RLIN) 122996
Topical term or geographic name as entry element Mass Media
General subdivision Social Aspects
9 (RLIN) 122997
700 ## - ADDED ENTRY--PERSONAL NAME
Personal name সামিন, সাইফুল
942 ## - ADDED ENTRY ELEMENTS (KOHA)
Source of classification or shelving scheme Dewey Decimal Classification
Koha item type Books
Holdings
Lost status Source of classification or shelving scheme Damaged status Not for loan Permanent Location Current Location Shelving location Date acquired Source of acquisition Cost, normal purchase price Total Checkouts Full call number Date last seen Copy number Koha item type
  Dewey Decimal Classification   Not For Loan Central Library, University of Rajshahi Central Library, University of Rajshahi Reading Room 27/07/2015 Library of R.U 200.00   B 302.23 HAG 2015 20/04/2016 C-1 Books